Представление документа в формате MARC21

Поле Инд. ПП Название Значение
Тип записи a
Библиографический уровень m
001 Контрольный номер RU/IS/BASE/218549384
005 Дата корректировки 20240123162941.5
008 Кодируемые данные 20061204
041 a Код языка текста rus
084 a Индекс другой классификации/Индекс ББК 9
090 a Полочн. индекс 95.2
x Авторский знак G 37
245 a Заглавие GEOFocus
b Продолж. заглавия увлекательный мир: Земля
c Ответственность учредитель: Грунер+Яр; гл. ред. Н. Моисеева
n Номер части/ раздела №5/2006
260 a Место издания Москва
b Издательство Грунер+Яр
c Дата издания 2006
300 a Объем 82 с.
500 a Примечание Журнал
a Примечание Главная тема номера: Как сделать ребенка?
a Примечание Подарочный экземпляр
650 a Основная рубрика универсальная тематика
653 a Ключевые слова автогонщики
a Ключевые слова бесплодие
a Ключевые слова казино
a Ключевые слова певчие птицы
a Ключевые слова Сатурн
a Ключевые слова танцы
a Ключевые слова теория вероятностей
a Ключевые слова толпа
a Ключевые слова эротичность
773 w Контрольный № источника RU/IS/BASE/407523519
901 t Тип документа s